| 000 | 00499nam a2200181 a 4500 | ||
|---|---|---|---|
| 001 | 1016 | ||
| 003 | CDMR | ||
| 005 | 20130412111728.0 | ||
| 008 | 130130s1988||||||||||||||||||||||||||||d | ||
| 020 | _a8401341132 | ||
| 040 |
_aCDMR _bcat _cCDMR |
||
| 100 | 1 |
_aCasasús, Josep Maria _9799 |
|
| 245 | 1 | 3 |
_aEl periodisme a Catalunya _cJosep Maria Casasús |
| 260 |
_aEsplugues de Llobregat _c1988 _bPlaza & Janés |
||
| 490 | 0 | _aLletres catalanes | |
| 650 | 0 | 4 |
_93172 _aPeriodisme _zCatalunya |
| 942 |
_cMON _2udc |
||
| 999 |
_c1016 _d1016 |
||